000 00712nas a2200265 4500
001 BR8900822
003 BR-BrBNA
005 20231205091440.0
007 ta
008 230509b bl.|||p| |||| 00| 00por d
040 _aBR-BrBNA
_bpor
_cBiblioteca Nacional de Agricultura
041 _a(Pt)
072 _aL02; E70
100 1 _aAlbuquerque, A.
245 1 _aRacao: precos em alta
650 _aRACAO
650 _aPRECO
650 _aMERCADO
650 _aCOTACAO
650 _aMICROELEMENTO
650 _aMACROELEMENTO
773 0 _tSuinocultura Industrial (Brazil)
_xISSN 0101-9125
_g(Aug 1987), v. 9(101) p. 28-31
_wBR8900822
909 _a202311
_bLúcia
_c55
_dLúcia Elande
942 _2AGRIS
_n0
_cANA
999 _c125157
_d125157